000 00647nam a2200253Ia 4500
003 OSt
005 20221005023010.0
006 a|||||r|||| 00| 0
007 ta
008 221004b |||||||| |||| 00| 0 eng d
020 _a0909771294
024 _a41965
037 _cTextual
040 _aCRL
_cCRL
_beng
041 _2eng
_aeng
082 _aO111,1N48x, L9
100 _aGallagher Denis
_9578958
245 0 _aCountry country
260 _aAustralia
_bIsland
_c1979
300 _a45p
_ccm.
650 _aENGLISH LITERATURE
942 _hO111,1N48x, L9
_cTEXL
_2cc
999 _c930344
_d930344